Normal view MARC view
  • Jain S

Entry Corporate Name

Number of records used in: 1

001 - CONTROL NUMBER

  • control field: 119807

003 - CONTROL NUMBER IDENTIFIER

  • control field: OSt

005 - DATE AND TIME OF LATEST TRANSACTION

  • control field: 20230223145003.0

008 - FIXED-LENGTH DATA ELEMENTS

  • fixed length control field: 230223|| aca||aabn | a|a d

040 ## - CATALOGING SOURCE

  • Original cataloging agency: OSt
  • Transcribing agency: OSt

110 ## - HEADING--CORPORATE NAME

  • Corporate name or jurisdiction name as entry element: Jain S

670 ## - SOURCE DATA FOUND

  • Source citation: Work cat.: (OSt)98283: JAI 119806, UDR Udaipur, 2021